000 00462nam a2200157 a 4500
005 20140412111301.0
008 001111s19uu xx 00 eng d
020 _a0-02-792741-5
050 _aER
_bQu2 1991
100 _aWhybrow, Ian
245 _aQuacky quack-quack! /
_cwritten by Ian Whybrow ; illustrated by Russel Ayto.
260 _aNew York :
_bFour Winds Press,
_c1991.
300 _a1 v. (unp.) ; ill.
650 _aDucks -- stories
999 _c103427
_d103427